=LDR 00000nam 2200000 4500 =001 INLIS000000000008432 =005 20130612100313 =008 ***********************************Ind** =035 ##$$0010-061300000008432 =041 ##$$a Ind =082 ##$$a 297 =090 ##$$a 297, Ger i =100 ##$$a Geertz, Clifford =245 ##$$a Islam yang saya amati, Cufford Geertz =260 ##$$a 1982 $b Jakarta =300 ##$$a 149 hlm, 21 cm =650 ##$$a Islam